Normal view
MARC view
- Habib-Ur-Rehman, Qazi Qazi Habib-Ur-Rehman
Entry Personal Name
001 - CONTROL NUMBER
- control field: 78787
003 - CONTROL NUMBER IDENTIFIER
- control field: NUST
005 - DATE AND TIME OF LATEST TRANSACTION
- control field: 20210628210249.0
008 - FIXED-LENGTH DATA ELEMENTS
- fixed length control field: 210628|| aca||aabn | a|a d
040 ## - CATALOGING SOURCE
- Original cataloging agency: NUST
- Transcribing agency: NUST
100 ## - HEADING--PERSONAL NAME
- Personal name: Habib-Ur-Rehman, Qazi Qazi Habib-Ur-Rehman
670 ## - SOURCE DATA FOUND
- Source citation: Work cat.: (NUST): Habib-Ur-Rehman, Qazi Qazi Habib-Ur-Rehman, Ashra mubashra, 1995
